České poznávací značky vozidel - Statistics

General Stats
  • This quiz has been taken 276 times
  • The average score is 13 of 14
Answer Stats
Kraj Kód % Correct
Praha A
97%
Ústecký kraj U
96%
Liberecký kraj L
95%
Plzeňský kraj P
95%
Zlínský kraj Z
95%
Středočeský kraj S
94%
Karlovarský kraj K
93%
Královéhradecký kraj H
91%
Olomoucký kraj M
90%
Jihočeský kraj C
89%
Jihomoravský kraj B
88%
Kraj Vysočina J
87%
Moravskoslezský kraj T
85%
Pardubický kraj E
83%
No matching quizzes found
Score Distribution
Percent of People with Each Score
Percentile by Number Answered
Your Score History
You have not taken this quiz